000 00924nmm a2200265 a 4500
001 ocm000701101
003 TR-IsHL
005 20201028125221.0
008 110704s1965 tu tur
007 cr cn
035 _a701101
_b(N$T)
050 0 4 _aHC241.2
_bS57 1965
090 0 4 _aHC241.2
_bS57 1965
100 1 _aSirman, Neşet
245 1 0 _aTürkiye'nin Avrupa Ekonomik Topluluğu ile münasebetleri hakkında rapor
_h[electronic resource] /
_cNeşet Sirman
250 _a1. bs.
260 _aİstanbul :
_bİstanbul Ticaret Odası,
_c1965
300 _a37 p.
650 4 _aEkonomi ve Finans
650 4 _aEconomics and Finance
650 0 _aAvrupa Ekonomik Topluluğu
_x Türkiye
650 0 _aEuropean Economic Community
_x Turkey
650 7 _aBUSINESS & ECONOMICS / Economic Conditions
_2bisacsh
856 4 0 _uhttp://search.ebscohost.com/login.aspx?direct=true&scope=site&db=e011xww&AN=701101
999 _c3364
_d3364